000 00388nam a2200157Ia 4500
008 230524s9999 xx 000 0 und d
082 _a530
_bCHA
100 _aP.K.Chakraborti
245 0 _aAdvanced Textbook on Electricity And Magnetism
250 _a3RD
260 _aCUTTACK
_bModern Book
_c2002
300 _a832
500 _aQuantity Number: 2
650 _aPhysics
942 _cBK
999 _c3868
_d3868